000 00897nam0a22002651 4500
001 rc\2222441
005 20250623094358.0
035 _a(NLR Aleph) 006707864
090 _a5311803
_c5311803
100 _a20110829d1979 |||y0rusy50 ca
101 0 _arus
102 _aRU
105 _aa z |||||
200 1 _aСказки из дорожного чемодана
_e[Для дошк. возраста]
_fС. Сахарнов
_gРис. М. Беломлинского
210 _aМосква
_cДет. лит.
_d1979
215 _a143 с.
_cцв. ил.
_d22
606 _aСказки (д. л.)
_2psbo
700 1 _aСахарнов
_bС.В.
_f1923-
_gСвятослав Владимирович
702 1 _aБеломлинский
_bМ.
_4440
801 0 _aRU
_bNLR
_gpsbo
801 1 _aRU
_bELAR
_2rusmarc
852 _aNLR
_j80-5/731
899 _aRuMoRGB
_jM 79-10/1161
942 _cBOOK
980 _aNB